| 000 | 00343nam a22001337a 4500 | ||
|---|---|---|---|
| 020 | _a9788190675772 | ||
| 082 |
_a004 _bELA/MU |
||
| 100 |
_aEla Kumar _91271 |
||
| 245 | _aMultiple Choice Questions in Computer Science | ||
| 250 | _a1 | ||
| 260 |
_aNew Delhi _bI.K. International Publishing House Pvt.Ltd. _c2010 |
||
| 300 | _a352 | ||
| 942 | _cBBS | ||
| 999 |
_c14724 _d14724 |
||